Health Coverage in Pakistan an Evaluation for Future Strategy Health for all (Record no. 10170)
[ view plain ]
| 000 -LEADER | |
|---|---|
| fixed length control field | 00292nam a2200109 4500 |
| 082 ## - DEWEY DECIMAL CLASSIFICATION NUMBER | |
| Classification number | 351.77MUB |
| 100 ## - MAIN ENTRY--AUTHOR NAME | |
| Personal name | Mubarak, Mohsan |
| 245 ## - TITLE STATEMENT | |
| Title | Health Coverage in Pakistan an Evaluation for Future Strategy Health for all |
| 260 ## - PUBLICATION, DISTRIBUTION, ETC. (IMPRINT) | |
| Place of publication | Rawalpindi, |
| Name of publisher | Army Press, |
| 300 ## - PHYSICAL DESCRIPTION | |
| Number of Pages | XXII,208P |
| 942 ## - ADDED ENTRY ELEMENTS (KOHA) | |
| Koha item type | Books |
| Withdrawn status | Lost status | Collection code | Home library | Current library | Shelving location | Date acquired | Full call number | Accession Number | Koha item type |
|---|---|---|---|---|---|---|---|---|---|
| Reference | Reference Section | Reference Section | Reference | 18/09/2014 | 362.1095491 MUB (Shelf - 22E) | 15674 | Books |